| 000 | 00831nam a22002177a 4500 | ||
|---|---|---|---|
| 003 | OSt | ||
| 005 | 20260313071224.0 | ||
| 008 | 260313b |||||||| |||| 00| 0 eng d | ||
| 020 | _a971-10-0518-2 | ||
| 040 |
_aDWCL GS lib _cOC |
||
| 082 | _aM491p 1992 | ||
| 100 | _aMEDINA, POL JR. | ||
| 245 |
_aPugad baboy 3 _cPOL JR. MEDINA |
||
| 260 |
_aQuezon City _b New Day Publishers _c1992 |
||
| 300 |
_a74 p _c19 cm |
||
| 520 | _aa compilation of the popular Filipino comic strip, featuring the adventures of the overweight residents of a Manila subdivision. | ||
| 650 | _athe third compilation volume of the popular Philippine comic strip created by Pol Medina Jr | ||
| 650 | _arevolve around the use of satire to expose the absurdities of Filipino life, politics, and culture. | ||
| 700 | _aPOL JR. MEDINA | ||
| 942 |
_2ddc _cFIC. _n0 |
||
| 999 |
_c9118 _d9118 |
||